| 000 | 00000nam##2200000za#4500 |
| 001 | 9.648239 |
| 003 | CaOODSP |
| 005 | 20210615113009 |
| 007 | ta |
| 008 | 150407|2001||||xxc||||| f|0| 0 eng|d |
| 020 | |a0-660-18569-5 |
| 040 | |aCaOODSP|beng |
| 043 | |an-cn--- |
| 086 | 1 |aT31-29/2001E |
| 110 | 1 |aCanada.|bDepartment of Fisheries and Oceans. |bCanadian Coast Guard. |
| 245 | 14|aThe Canadian aids to navigation system / |c[Issued by the] Navigation Systems Branch. |
| 260 | |aOttawa - Ontario : |bFisheries and Oceans Canada. |c2001. |
| 300 | |a57p. : |bfigs. (some coloured), maps (some coloured), references, tables ; |c28 cm. |
| 500 | |a"Aids to navigation are devices or systems, external to a vessel, which are provided to assist a mariner determine his position and course, to warn him of dangers or obstructions or to advise him of the location of the best or preferred route."--Introduction. Includes The Canadian aids to the navigation system (poster, 28cx64cm) which is also available separately (see the following record). |
| 500 | |aIncludes the Canadian Aids to Navigation system insert. |
| 520 | 3 |aAids to navigation are devices or systems, external to a vessel, which are provided to assist a mariner determine his position and course, to warn him of dangers or obstructions or to advise him of the location of the best or preferred route.--Introduction |
| 563 | |aSoftcover |
| 590 | |a01-44|b2001-11-02 |
| 690 | 07|aNavigation|2gcpds |
| 690 | 07|aMarine safety|2gcpds |
| 775 | 08|tLe système canadien d'aides à la navigation / |w(CaOODSP)9.681546 |
| 776 | 0#|tThe Canadian aids to navigation system |w(CaOODSP)9.687642 |
| 986 | |aTP 968E |